Missing Word: Parks and Rec Quiz Stats

 Plays Quiz Updated Jan 17, 2015

Challenge
Share
Tweet
Embed
Score 0/20 Timer 04:00
1 Play Today
Character/Actor Missing Word % Correct
↓ character ↓
______ Knope
Leslie
96.3%
↓ character ↓
___ Haverford
Tom
91.5%
↓ character ↓
Ron _______
Swanson
90.4%
↑ portrayed by ↑
Amy _______
Poehler
90.1%
↑ portrayed by ↑
___ Lowe
Rob
90.1%
↓ character ↓
_____ Ludgate
April
89.1%
↑ portrayed by ↑
____ Offerman
Nick
87.6%
↑ portrayed by ↑
_______ Jones
Rashida
87.4%
↓ character ↓
___ Wyatt
Ben
86%
↓ character ↓
_____ Gergich
Jerry
85.9%
Character/Actor Missing Word % Correct
↓ character ↓
_____ Traeger
Chris
85.6%
↑ portrayed by ↑
Aziz ______
Ansari
84.9%
↓ character ↓
Ann _______
Perkins
84.3%
↑ portrayed by ↑
Chris _____
Pratt
83.2%
↑ portrayed by ↑
Aubrey _____
Plaza
81.1%
↓ character ↓
Andy _____
Dwyer
78.3%
↓ character ↓
_____ Meagle
Donna
77.8%
↑ portrayed by ↑
Adam _____
Scott
70.3%
↑ portrayed by ↑
_____ (_____ Sirleaf)
Retta
52.6%
↑ portrayed by ↑
Jim O'____
Heir
50.6%

Today's Daily Dose

Missing Word
No Snow!

Word Ladder
Wild Cats

On This Day
December 16th II

You're not logged in!

Compare scores with friends on all Sporcle quizzes.
OR
Log In

You Might Also Like...

Show Comments

Extras

Top Quizzes Today


Score Distribution

Your Account Isn't Verified!

In order to create a playlist on Sporcle, you need to verify the email address you used during registration. Go to your Sporcle Settings to finish the process.

Report this User

Report this user for behavior that violates our Community Guidelines.

Details: